000 02007nam a2200301 a 4500
001 000045223
005 20201002045959.0
008 150211s2013 dr abc 000 0 spa d
020 _z9789945444026 (v.1)
020 _z9789945400975 (v.2)
020 _z978994540055X (v.5)
020 _z9789945400576 (v.7)
020 _z9789945400584 (v.8)
040 _aDO-SdBNP
_bspa
_cBNPHU
082 _axxxx
_bxxxx
100 1 _aMateo Dicló, Luisa A.
_973244
245 1 0 _aArtística :
_beducación básica /
_cLuisa A. Mateo Dicló, Dafne M. Gil de Peiro, Omar Gil Bueno, Marianella Azócar ; ilustraciones Wi-Hen Fung, Ramón L. Sandoval.
250 _a2ª ed. rev. y actualizada
260 _aSanto Domingo :
_bActualidad Escolar 2000,
_c2013.
300 _av. :
_bil., mapas, retrs. ;
_c21 cm.
500 _aEste libro ha sido realizado de acuerdo al curriculum vigente y ha sido sometido a la evaluación y aprobación del MINERD.
505 0 _av. 1
_tConoce la educación artistica --
_tMe conozco --
_tLa exploración --
_tLa observación --
_tLa expresión artística --
_tLas artes y sus formas --
_tLas artes y la cultura --
_tValorando la historia nacional --
_gv. 2
_tLa educación artística --
_tMe conozco --
_tLa exploración --
_tLa expresión artística --
_tLas artes y sus formas --
_tArte, cultura e historia --
_gv. 5
_tLa educación artística --
_tMe conozco --
_tLa exploración y observación --
_tLa expressión artística --
_tEl arte y sus formas --
_tEl arte, la cultura y la historia --
_gv. 7
_tLa educación artística --
_tLa exploración y observación --
_tExpresión y creación artística --
_tEl arte y sus formas --
_tEl arte y la cultura --
_gv. 8
_tEl arte universal --
_tConozcamos sobre el arte popular --
_tFormación de las culturas latinoamericanas --
_tEl arte y sus formas --
700 1 2 _aGil de Peiro, Dafne M.
_973245
700 1 2 _aGil Bueno, Omar
_973246
700 1 2 _aAzócar, Marianella
_973247
700 1 2 _aFung, Wi-Hen,
_eil.
_973248
700 1 2 _aSandoval, Ramón L.,
_eil.
_929585
999 _c44712
_d44712